[Event "National Open"]
[Site "Las Vegas USA"]
[Date "2010.06.12"]
[Round "3"]
[White "Hermansen,R"]
[Black "Matikozian,A"]
[Result "0-1"]
[WhiteElo "2219"]
[BlackElo "2494"]
[EventDate "2010.06.11"]

1. c4 Nf6 2. Nc3 g6 3. g3 Bg7 4. Bg2 O-O 5. e4 d6 6. Nge2 c5 7. O-O Nc6 8.
d3 a6 9. Rb1 Rb8 10. a3 b5 11. cxb5 axb5 12. b4 cxb4 13. axb4 Ne8 14. d4
Nc7 15. d5 Ne5 16. Nd4 Bd7 17. Nce2 Nc4 18. Bg5 Ra8 19. Qc1 Re8 20. Rd1 Qb8
21. Qf4 f6 22. Bh6 g5 23. Bxg5 fxg5 24. Qxg5 Kh8 25. Nf4 Qb6 26. Nde6 Bxe6
27. dxe6 Ra2 28. Kh1 Ne5 29. Rbc1 Rxf2 0-1

[Event "National Open"]
[Site "Las Vegas USA"]
[Date "2010.06.12"]
[Round "3"]
[White "Dean,J"]
[Black "Gonzalez,Ren"]
[Result "1/2-1/2"]
[WhiteElo "2235"]
[BlackElo "2485"]
[EventDate "2010.06.11"]

1. d4 g6 2. Nf3 Bg7 3. c4 d6 4. Nc3 e5 5. g3 exd4 6. Nxd4 Nc6 7. Be3 Nge7
8. Bg2 O-O 9. O-O Bd7 10. Rc1 Rb8 11. b3 a6 12. h3 Re8 13. Kh2 h5 14. Qd2
Nf5 1/2-1/2

[Event "National Open"]
[Site "Las Vegas USA"]
[Date "2010.06.12"]
[Round "3"]
[White "Sinanan,J"]
[Black "Sevillano,E"]
[Result "1/2-1/2"]
[WhiteElo "2258"]
[BlackElo "2507"]
[EventDate "2010.06.11"]

1. d4 Nf6 2. c4 c5 3. d5 e6 4. g3 exd5 5. cxd5 d6 6. Nc3 a6 7. a4 g6 8. Bg2
Bg7 9. Nf3 O-O 10. O-O Re8 11. Nd2 Nbd7 12. Nc4 Ne5 13. Nxe5 Rxe5 14. Bf4
Re8 15. h3 Nh5 16. Bd2 Rb8 17. a5 Bd7 18. Qc2 b5 19. axb6 Qxb6 20. Ra2 Bb5
21. Ne4 Qd8 22. Re1 h6 23. g4 Nf6 24. Ng3 Nd7 25. Ne4 Nf6 26. Ng3 Nd7 27.
Ne4 Nf6 1/2-1/2

[Event "National Open"]
[Site "Las Vegas USA"]
[Date "2010.06.12"]
[Round "3"]
[White "Eckert,D"]
[Black "Gutman,J"]
[Result "0-1"]
[WhiteElo "2240"]
[BlackElo "2135"]
[EventDate "2010.06.11"]

1. d4 d5 2. c4 c6 3. Nf3 Nf6 4. e3 a6 5. Bd3 Bg4 6. Nbd2 e6 7. Qc2 Bd6 8.
b3 Bh5 9. O-O Nbd7 10. Bb2 Bg6 11. e4 dxe4 12. Nxe4 Nxe4 13. Bxe4 Nf6 14.
Bxg6 hxg6 15. Rfe1 Qc7 16. Ne5 O-O-O 17. h3 Rh5 18. Rad1 Rdh8 19. Rd3 g5
20. f3 Rh4 21. Qd2 Nh5 22. c5 Bf8 23. Re4 Nf4 24. Rxf4 gxf4 25. Bc3 R8h5
26. Ba5 Qe7 27. Kf1 Kb8 28. Qb4 Qe8 29. Qb6 Be7 30. Qc7+ Ka8 31. Be1 g5 32.
Nd7 Rh8 33. Bxh4 gxh4 34. Nb6+ Ka7 35. Qxf4 Qd8 36. Nc4 Bxc5 37. Qxf7 Bxd4
38. Qxe6 c5 39. Nd6 Rf8 40. Ne4 Qa5 41. a4 Qc7 42. Qd6 Qc8 43. a5 Qf5 44.
Qe7 Qf4 45. Nd2 Rg8 46. Ke1 Rxg2 47. Kd1 Qh2 48. Qxh4 Qh1+ 49. Kc2 Qa1 50.
Rxd4 cxd4 51. Qf4 Qc3+ 52. Kd1 Qd3 0-1

[Event "National Open"]
[Site "Las Vegas USA"]
[Date "2010.06.12"]
[Round "3"]
[White "Haessel,D"]
[Black "Harmon,L"]
[Result "1/2-1/2"]
[WhiteElo "2207"]
[BlackElo "2062"]
[EventDate "2010.06.11"]

1. d4 Nf6 2. c4 e6 3. g3 d5 4. Nf3 dxc4 5. Qa4+ Nbd7 6. Bg2 a6 7. Qxc4 b5
8. Qc6 Rb8 9. O-O Bb7 10. Qc2 Be7 11. Nbd2 O-O 12. Nb3 Be4 13. Qd1 c5 14.
Bf4 Rc8 15. dxc5 Nxc5 16. Nxc5 Bxc5 17. Rc1 Qb6 18. Ne5 Rfd8 19. Nd3 Bxg2
20. Kxg2 Nd5 21. Bd2 Be7 22. Qb3 Qb7 23. Kg1 Rxc1 24. Rxc1 Rc8 25. Rxc8+
Qxc8 26. a4 Qc6 27. axb5 axb5 28. Ne5 Qc7 29. Nd3 Qc6 30. e4 Nc7 31. f3
Qb6+ 32. Kg2 Qd4 33. Qc2 Ne8 34. Qc6 Nd6 35. Qc3 Qxc3 36. Bxc3 Kf8 37. Kf2
f6 38. Ke3 e5 39. b3 Nb7 40. Kd2 Nc5 41. Kc2 Nxd3 42. Kxd3 Kf7 43. g4 Ke6
44. Ba5 Bc5 45. Bd2 g5 46. Be1 h6 47. h4 Bb6 48. h5 Bc5 49. Ba5 Be7 50. Kc3
Kd7 51. Bb4 Bxb4+ 52. Kxb4 Kc6 53. Kc3 1/2-1/2

[Event "National Open"]
[Site "Las Vegas USA"]
[Date "2010.06.12"]
[Round "3"]
[White "Foisor,S"]
[Black "Alvarez,Er USA"]
[Result "1-0"]
[WhiteElo "2302"]
[BlackElo "2258"]
[EventDate "2010.06.11"]

1. d4 Nf6 2. c4 c5 3. d5 b5 4. cxb5 a6 5. bxa6 Bxa6 6. Nc3 g6 7. g3 Bg7 8.
Bg2 d6 9. Nf3 Nbd7 10. Rb1 Nb6 11. b3 Bb7 12. Nh4 O-O 13. O-O Ra6 14. a4
Qa8 15. e4 Ne8 16. Qc2 e6 17. dxe6 fxe6 18. Bh3 Nc7 19. Bb2 Qe8 20. Ng2 g5
21. Ne3 Qg6 22. Bg2 Bd4 23. Ne2 Bxb2 24. Rxb2 Nd7 25. f4 g4 26. b4 Qg7 27.
Rfb1 Ra7 28. Qd1 cxb4 29. Qxd6 Ba6 30. Nd4 Kh8 31. Rxb4 Ne8 32. Qxe6 Bd3
33. Rd1 Ra6 34. Qxg4 Qe7 35. Nd5 Qc5 36. Rxd3 Nef6 37. Qd1 Nxd5 38. Rb5 1-0

[Event "National Open"]
[Site "Las Vegas USA"]
[Date "2010.06.12"]
[Round "4"]
[White "Matikozian,A"]
[Black "Gareev,T"]
[Result "0-1"]
[WhiteElo "2494"]
[BlackElo "2599"]
[EventDate "2010.06.11"]

1. e4 e5 2. Nf3 Nc6 3. Bb5 a6 4. Ba4 Nf6 5. Qe2 Bd6 6. c3 O-O 7. O-O Re8 8.
d3 h6 9. Rd1 Bf8 10. Nbd2 b5 11. Bc2 d5 12. Nf1 d4 13. h3 Bc5 14. Ng3 Qd6
15. Nh4 Ne7 16. Qf3 Rb8 17. Bb3 a5 18. Bxh6 a4 19. Nh5 axb3 20. Nxg7 Rd8
21. Ngf5 Nxf5 22. Nxf5 Bxf5 23. exf5 Kh7 24. Bg5 Rg8 25. Qg3 Kh8 26. Qh4+
Nh7 27. Bh6 Rb6 28. Bd2 dxc3 29. bxc3 b2 0-1

[Event "National Open"]
[Site "Las Vegas USA"]
[Date "2010.06.12"]
[Round "4"]
[White "Sedlak,N"]
[Black "Foisor,C"]
[Result "1-0"]
[WhiteElo "2567"]
[BlackElo "2401"]
[EventDate "2010.06.11"]

1. e4 c6 2. d4 g6 3. c4 Bg7 4. Nc3 d6 5. Be3 a6 6. Nf3 b5 7. Bd3 Nf6 8. O-O
bxc4 9. Bxc4 d5 10. Bd3 dxe4 11. Nxe4 Nd5 12. Qd2 Nxe3 13. fxe3 O-O 14. Bc4
Nd7 15. Rac1 a5 16. Nfg5 Nf6 17. Nxf7 Rxf7 18. Ng5 e6 19. Nxe6 Bxe6 20.
Bxe6 Qe8 21. Bxf7+ Kxf7 22. Rc5 Kg8 23. Re5 Qd8 24. Qc3 Rc8 25. Qxa5 Qxa5
26. Rxa5 Nd5 27. Rf3 Re8 28. Ra3 h5 29. Kf2 Nf6 30. Ke2 Nd5 31. Kd3 Bh6 32.
e4 Nf4+ 33. Kc4 Nxg2 34. e5 Nf4 35. Ra6 Rc8 36. Rfa3 Nd5 37. b4 Bf8 38. Rb3
Nf4 39. a4 g5 40. a5 g4 41. Rb6 Nd5 42. Rb7 Nc7 43. h3 Kf7 44. hxg4 hxg4
45. Rg3 Be7 46. Rxg4 Ke6 47. Rg6+ Kd7 48. a6 Ra8 49. a7 Rc8 50. Rg7 Re8 51.
Rxc7+ 1-0

[Event "National Open"]
[Site "Las Vegas USA"]
[Date "2010.06.12"]
[Round "4"]
[White "Panchanathan,M"]
[Black "Fuentes,R"]
[Result "1-0"]
[WhiteElo "2549"]
[BlackElo "2169"]
[EventDate "2010.06.11"]

1. Nf3 c5 2. g3 Nc6 3. Bg2 e5 4. e4 g6 5. O-O Bg7 6. Nc3 d6 7. d3 h5 8. Nd5
Bg4 9. h3 Be6 10. c3 Qd7 11. Ng5 Nh6 12. a3 Bxd5 13. exd5 Nd8 14. b4 Rc8
15. h4 O-O 16. c4 Rc7 17. Rb1 b6 18. bxc5 bxc5 19. Bd2 f6 20. Ne6 Nxe6 21.
dxe6 Qe8 22. Rb7 Rxb7 23. Bxb7 Kh7 24. Bd5 Nf5 25. Be3 Qe7 26. Qb3 Bh6 27.
Bxh6 Kxh6 28. Rb1 Nd4 29. Qb7 Re8 30. Qa6 Nxe6 31. Rb7 Qd8 32. Qxa7 Nf8 33.
Bg8 1-0

[Event "National Open"]
[Site "Las Vegas USA"]
[Date "2010.06.12"]
[Round "4"]
[White "Formanek,E"]
[Black "Gonzalez,Ren"]
[Result "1/2-1/2"]
[WhiteElo "2241"]
[BlackElo "2485"]
[EventDate "2010.06.11"]

1. d4 d5 2. c4 c6 3. Nc3 Nf6 4. Nf3 a6 5. e3 b5 6. b3 Bg4 7. Be2 e6 8. O-O
Nbd7 9. Bb2 Be7 10. h3 Bh5 11. Ne5 Bxe2 12. Nxe2 Nxe5 13. dxe5 Nd7 14. Qd2
O-O 15. cxd5 cxd5 16. Rfc1 Qb8 17. f4 Nc5 18. Ng3 Rc8 19. Bd4 Qb7 20. Rc2
Rc6 21. Rac1 Rac8 22. Kh2 g6 23. Qd1 h5 24. Ne2 Kf8 25. g4 hxg4 26. hxg4
Ne4 27. Rxc6 Rxc6 28. Rxc6 Qxc6 1/2-1/2

[Event "National Open"]
[Site "Las Vegas USA"]
[Date "2010.06.12"]
[Round "4"]
[White "Ramer,S"]
[Black "Kogan,Ar"]
[Result "0-1"]
[WhiteElo "2223"]
[BlackElo "2525"]
[EventDate "2010.06.11"]

1. d4 d5 2. c4 dxc4 3. Nf3 Nf6 4. e3 Bg4 5. Bxc4 e6 6. Qb3 Bxf3 7. gxf3 c5
8. Qxb7 Nbd7 9. Nc3 cxd4 10. exd4 Be7 11. Rg1 Rb8 12. Qa6 O-O 13. Bh6 Nh5
14. O-O-O Qc7 15. Bb3 Kh8 16. Bd2 Bf6 17. Kb1 g6 18. Nb5 Qxh2 19. Qxa7 Rfd8
20. Ba5 Ra8 21. Bxd8 Rxa7 22. Bxf6+ Ndxf6 23. Nxa7 Qxf2 24. Rgf1 Qe2 25.
Nc6 Ng3 26. Rfe1 Qxf3 27. Ne5 Qb7 28. Re3 Nf5 29. Rc3 Ne4 30. Rcc1 Nf2 31.
Rd2 Qe4+ 32. Ka1 Qf4 33. Nc4 Ne4 34. Rdd1 Nxd4 35. Rf1 Nxb3+ 36. axb3 Qc7
0-1

[Event "National Open"]
[Site "Las Vegas USA"]
[Date "2010.06.12"]
[Round "4"]
[White "Bryant,J"]
[Black "Dean,J"]
[Result "1-0"]
[WhiteElo "2367"]
[BlackElo "2235"]
[EventDate "2010.06.11"]

1. e4 c6 2. d3 d5 3. Nd2 e5 4. g3 Nf6 5. Ngf3 Bd6 6. Bg2 O-O 7. O-O Re8 8.
h3 Nbd7 9. Nh4 Nc5 10. Re1 a5 11. Nf1 Be6 12. Qf3 dxe4 13. dxe4 Qb6 14. g4
Qb4 15. Qe3 Na4 16. c3 Qb6 17. Qf3 Nd7 18. Ng3 Bc5 19. Nhf5 Nxb2 20. Bf1
Na4 21. Nh5 Bxf5 22. gxf5 Bf8 23. Qg4 Kh8 24. Bc4 f6 25. Kh1 Qc5 26. Bh6
Re7 27. Bb3 Nb2 28. Re3 Nc4 29. Rg3 a4 30. Nxg7 axb3 31. Ne8 1-0

[Event "National Open"]
[Site "Las Vegas USA"]
[Date "2010.06.12"]
[Round "4"]
[White "Blanco Fernandez,A"]
[Black "Kavutskiy,K"]
[Result "1-0"]
[WhiteElo "2315"]
[BlackElo "2132"]
[EventDate "2010.06.11"]

1. Nf3 d5 2. d4 e6 3. c4 c5 4. cxd5 exd5 5. Bg5 Be7 6. Bxe7 Nxe7 7. dxc5
Qa5+ 8. Nbd2 Qxc5 9. e3 Nbc6 10. a3 Bf5 11. Rc1 Qb6 12. b4 O-O 13. Be2 Rac8
14. O-O Rfd8 15. Qa4 a6 16. Nb3 Nb8 17. Nc5 Nd7 18. Nxd7 Bxd7 19. Qb3 Bb5
20. Bxb5 axb5 21. Rfd1 Rc4 22. Ne5 Rcc8 23. h3 h6 24. Qd3 Qd6 25. Rxc8 Rxc8
26. Nf3 Qa6 27. Nd4 Rc4 28. Nf5 Nc6 29. Qxd5 Qxa3 30. Nd6 Rc1 31. Qxf7+ Kh7
32. Qf5+ Kh8 33. Rxc1 Qxc1+ 34. Kh2 Qd2 35. Nxb7 Nxb4 36. Qxb5 Nd3 37. Qe8+
Kh7 38. Qe4+ Kh8 39. f4 Ne1 40. f5 Kg8 41. Qe8+ Kh7 42. Qg6+ Kh8 43. f6
Nf3+ 44. Kg3 Qxg2+ 45. Kxg2 Nh4+ 46. Kg3 Nxg6 47. f7 Nf8 48. Kf4 g5+ 49.
Kf5 Kg7 50. Nd8 Ng6 51. e4 Ne7+ 52. Ke6 Ng6 53. Kd6 h5 54. Ne6+ Kxf7 55.
Nxg5+ Kf6 56. Nf3 h4 57. e5+ Kf5 58. e6 Kf6 59. Nh2 Kf5 60. Ng4 Kf4 61. Ne5
Nxe5 62. e7 Nf7+ 63. Kd5 Ng5 64. e8=Q Nxh3 65. Qf7+ Kg3 66. Qg6+ Kf4 67.
Qe4+ Kg3 68. Qe3+ Kg2 69. Qe4+ Kg3 70. Qd3+ Kg2 71. Qe3 Nf2 72. Qg5+ Kh3
73. Ke5 1-0

[Event "National Open"]
[Site "Las Vegas USA"]
[Date "2010.06.12"]
[Round "4"]
[White "Haskel,J"]
[Black "Simms,G"]
[Result "1-0"]
[WhiteElo "2241"]
[BlackElo "2141"]
[EventDate "2010.06.11"]

1. e4 c5 2. Nf3 Nc6 3. Bc4 e5 4. O-O Be7 5. c3 Qc7 6. d4 d6 7. d5 Nd8 8.
Bb5+ Kf8 9. a4 f5 10. exf5 Bxf5 11. Na3 Nf7 12. Be3 g5 13. b4 g4 14. Nd2
Nf6 15. Qb3 Kg7 16. a5 Nh5 17. Bc4 b6 18. axb6 axb6 19. Nb5 Qd7 20. Ra3
Rxa3 21. Qxa3 Bg5 22. Qa6 Qd8 23. Qb7 Bc8 24. Qa7 Nf4 25. Ne4 Be7 26. Nc7
h6 27. Qxb6 Bf5 28. Ng3 Bd7 29. bxc5 1-0

[Event "National Open"]
[Site "Las Vegas USA"]
[Date "2010.06.12"]
[Round "4"]
[White "Barnett,A"]
[Black "Gutman,J"]
[Result "0-1"]
[WhiteElo "2246"]
[BlackElo "2135"]
[EventDate "2010.06.11"]

1. e4 c5 2. Nf3 d6 3. Bc4 e6 4. Bb3 b5 5. a4 Bb7 6. Qe2 c4 7. Ba2 a6 8. d3
Qa5+ 9. Bd2 Qb6 10. dxc4 b4 11. O-O Nf6 12. e5 dxe5 13. Nxe5 Bd6 14. Nd3
Nbd7 15. Bb3 a5 16. Be3 Qc6 17. f3 Ba6 18. Nd2 O-O 19. Rfc1 Ne5 20. Bd4
Nxc4 21. Nxc4 Bxc4 22. Nxb4 Qc7 23. Qxc4 Bxh2+ 24. Kf1 axb4 25. Qxb4 Rfc8
26. Re1 Nh5 27. Qb6 Qf4 28. Rad1 Rab8 29. Qa7 Rxb3 0-1

[Event "National Open"]
[Site "Las Vegas USA"]
[Date "2010.06.12"]
[Round "4"]
[White "Chakraborty,Di"]
[Black "Langer,M USA"]
[Result "0-1"]
[WhiteElo "2135"]
[BlackElo "2270"]
[EventDate "2010.06.11"]

1. e4 c5 2. Nf3 d6 3. d4 cxd4 4. Nxd4 Nf6 5. Nc3 a6 6. h3 e6 7. g4 d5 8.
Bg2 Bb4 9. Bd2 Nc6 10. Nb3 O-O 11. exd5 exd5 12. O-O Be6 13. Ne2 Bd6 14.
Be3 h5 15. g5 Ne4 16. h4 Ne5 17. Nf4 Ng4 18. Nd4 Nexf2 19. Rxf2 Nxe3 20.
Qe2 Nxg2 21. Nfxe6 fxe6 22. Rxg2 Qb6 23. c3 e5 24. Qxh5 Rf5 25. Qg6 Raf8
26. Re1 exd4 27. Re8 Rf1+ 0-1

[Event "National Open"]
[Site "Las Vegas USA"]
[Date "2010.06.12"]
[Round "4"]
[White "Feinstein,M"]
[Black "Abrahamyan,T"]
[Result "1/2-1/2"]
[WhiteElo "2267"]
[BlackElo "2290"]
[EventDate "2010.06.11"]

1. d4 Nf6 2. c4 c5 3. d5 b5 4. Qc2 g6 5. e4 bxc4 6. Bxc4 d6 7. h3 Bg7 8.
Nf3 O-O 9. O-O Ba6 10. Na3 Nfd7 11. Bf4 Nb6 12. Rab1 Nxc4 13. Nxc4 Nd7 14.
Nfd2 Nb6 15. Rfe1 Nxc4 16. Nxc4 Rb8 17. b3 Bxc4 18. bxc4 Qa5 1/2-1/2

[Event "National Open"]
[Site "Las Vegas USA"]
[Date "2010.06.12"]
[Round "4"]
[White "Furman,L2"]
[Black "Hermansen,R"]
[Result "0-1"]
[WhiteElo "2150"]
[BlackElo "2219"]
[EventDate "2010.06.11"]

1. e4 g6 2. d4 Bg7 3. Nc3 d6 4. Nf3 a6 5. Be2 b5 6. a3 Bb7 7. O-O Nd7 8.
Re1 c5 9. Bf1 cxd4 10. Nxd4 Ngf6 11. f3 O-O 12. Be3 Rc8 13. a4 b4 14. Na2
e5 15. Nb3 d5 16. Nxb4 dxe4 17. fxe4 a5 18. Nd5 Nxe4 19. Nxa5 Qxa5 20. Ne7+
Kh8 21. Nxc8 Bxc8 22. c3 Ndf6 23. b4 Qc7 24. c4 Ng4 25. Qc1 f5 26. h3 Nxe3
27. Qxe3 Bb7 28. a5 Rf6 29. b5 Bf8 30. b6 Qc8 31. Qb3 Bc5+ 32. Kh1 Bd4 33.
Ra2 Nc5 34. Qb5 f4 35. Rd2 Qxh3+ 0-1

[Event "National Open"]
[Site "Las Vegas USA"]
[Date "2010.06.12"]
[Round "4"]
[White "Rubsamen,C"]
[Black "Mueller,Jas"]
[Result "1-0"]
[WhiteElo "2227"]
[BlackElo "2111"]
[EventDate "2010.06.11"]

1. e4 e5 2. Nf3 Nc6 3. Bb5 Nf6 4. Qe2 d6 5. d4 Bd7 6. d5 Ne7 7. Bxd7+ Qxd7
8. O-O g6 9. c4 b6 10. Nc3 Bg7 11. Ne1 O-O 12. Nd3 Rae8 13. b4 h6 14. c5
Nh5 15. f3 f5 16. g3 g5 17. Bd2 Nf6 18. Nf2 g4 19. fxg4 f4 20. Rac1 Rf7 21.
Nb5 f3 22. Qd3 bxc5 23. bxc5 Nexd5 24. exd5 e4 25. Qb3 Nxg4 26. Nxg4 Qxg4
27. Be3 Be5 28. Kh1 Ref8 29. Rf2 Rf5 30. Rg1 Rh5 31. Bf4 a6 32. Nxc7 Bd4
33. Be3 Be5 34. Ne6 Rxh2+ 35. Rxh2 f2 36. Bxf2 Rxf2 1-0

[Event "National Open"]
[Site "Las Vegas USA"]
[Date "2010.06.12"]
[Round "4"]
[White "Hughes,D"]
[Black "Yanayt,E"]
[Result "0-1"]
[WhiteElo "2080"]
[BlackElo "2169"]
[EventDate "2010.06.11"]

1. Nf3 Nf6 2. g3 g6 3. Bg2 Bg7 4. c4 d6 5. d4 O-O 6. O-O Nc6 7. d5 Na5 8.
Qa4 c5 9. Bd2 b6 10. Bxa5 bxa5 11. Nc3 Rb8 12. Qc2 Bd7 13. Rfe1 a4 14. Rab1
Qa5 15. a3 Rb7 16. h3 Rfb8 17. e4 Ne8 18. Nd2 Rxb2 19. Rxb2 Rxb2 20. Qxb2
Bxc3 21. Qb7 Nf6 22. e5 Bxe5 23. Nf3 Qc3 24. Re3 Qxc4 25. Nxe5 dxe5 26.
Qb8+ Kg7 27. Qxe5 h5 28. Qxe7 Nxd5 29. Qxd7 Qc1+ 30. Kh2 Nxe3 31. fxe3 Qxa3
32. Qe7 Qc3 33. Qb7 a3 34. Bd5 Qd2+ 35. Kg1 Qe1+ 36. Kg2 Qe2+ 37. Kg1 Qe1+
38. Kg2 Qe2+ 39. Kg1 Qxe3+ 40. Kg2 Qd2+ 41. Kg1 Qd4+ 42. Kg2 Qb2+ 43. Qxb2+
axb2 44. Ba2 g5 45. Bb1 Kf6 46. Kf3 Ke5 47. Ke3 f5 48. Kd3 f4 49. gxf4+
Kxf4 50. Kc3 g4 51. hxg4 hxg4 0-1

[Event "National Open"]
[Site "Las Vegas USA"]
[Date "2010.06.13"]
[Round "5"]
[White "Ramirez,Alej"]
[Black "Tregubov,P"]
[Result "1/2-1/2"]
[WhiteElo "2556"]
[BlackElo "2622"]
[EventDate "2010.06.11"]

1. d4 d5 2. c4 e6 3. Nf3 Nf6 4. g3 dxc4 5. Bg2 Nc6 6. Qa4 Bb4+ 7. Bd2 Bd6
8. Qxc4 e5 9. dxe5 Nxe5 10. Nxe5 Bxe5 11. O-O O-O 12. Qc2 Qe7 13. Na3 c6
14. Nc4 Bc7 15. Bc3 Be6 16. b3 Rfe8 17. Qb2 Rab8 18. Nd2 Rbd8 19. Bf3 Bb6
20. Bxf6 Qxf6 21. Qxf6 gxf6 22. Rfd1 Kf8 23. e3 Ke7 24. Nc4 Bc7 25. Rac1 a5
26. Kf1 Rxd1+ 27. Bxd1 Rd8 28. Bc2 h6 29. Ke2 Rd5 30. Nd2 Bd6 31. Be4 Rb5
32. Nf3 c5 33. Bd3 Rb4 34. Nd2 a4 35. Bc4 axb3 36. axb3 Bd7 37. Ne4 b5 38.
Nxd6 bxc4 39. Nxc4 Rxb3 40. Nd2 Bb5+ 41. Kd1 Ra3 42. Rxc5 Bd3 43. Kc1 Ra1+
44. Kb2 Rg1 45. f4 Rg2 46. Kc3 Be2 47. Rc7+ Kd6 48. Rxf7 Ke6 49. Rf8 Ke7
50. Rb8 Rxh2 51. Rb7+ Ke6 52. Nb3 Bg4 53. Nd4+ Kd5 54. Kd3 Ra2 55. Rb5+ Kd6
56. Ke4 Ra4 57. f5 Ke7 58. Rb7+ Ke8 59. Rc7 h5 60. Rc5 Kd7 61. Rd5+ Ke7 62.
Kf4 Ra1 63. Rb5 Bh3 64. Rb7+ Ke8 65. Rh7 Bg4 66. Ke4 Ra5 67. Rb7 Bh3 68.
Rh7 Bg4 69. Rc7 Re5+ 70. Kf4 Ra5 71. Rc6 Kf7 72. Rd6 Ra4 73. Rd5 Bh3
1/2-1/2

[Event "National Open"]
[Site "Las Vegas USA"]
[Date "2010.06.13"]
[Round "5"]
[White "Gareev,T"]
[Black "Sedlak,N"]
[Result "1-0"]
[WhiteElo "2599"]
[BlackElo "2567"]
[EventDate "2010.06.11"]

1. d4 Nf6 2. Nf3 g6 3. c4 Bg7 4. Nc3 d5 5. Bf4 c6 6. e3 O-O 7. h3 Ne4 8.
Bd3 Nxc3 9. bxc3 dxc4 10. Bxc4 Nd7 11. e4 Qa5 12. Bd2 c5 13. a4 Qc7 14. Rc1
b6 15. e5 e6 16. Ng5 Bb7 17. Qg4 Rae8 18. O-O a6 19. Qh4 h6 20. Ne4 Qd8 21.
Qxd8 Rxd8 22. Nd6 Bc6 23. Bxa6 Bxa4 24. Ra1 Bc6 25. Be3 Ra8 26. f4 Rfd8 27.
g4 Bf8 28. Bb5 Bxb5 29. Nxb5 cxd4 30. cxd4 Ra5 31. Rab1 Rc8 32. Rf2 Rc4 33.
f5 gxf5 34. gxf5 exf5 35. Kh2 Bb4 36. Rg2+ Kf8 37. Nd6 Bxd6 38. exd6 f4 39.
Bxf4 Rh5 40. Ra1 Rc8 41. Rag1 Nf6 42. d7 1-0

[Event "National Open"]
[Site "Las Vegas USA"]
[Date "2010.06.13"]
[Round "5"]
[White "Lenderman,A"]
[Black "Panchanathan,M"]
[Result "1-0"]
[WhiteElo "2598"]
[BlackElo "2549"]
[EventDate "2010.06.11"]

1. d4 Nf6 2. c4 e6 3. g3 d5 4. Nf3 dxc4 5. Bg2 a6 6. O-O Nc6 7. Bg5 h6 8.
Bxf6 Qxf6 9. Nc3 Bd6 10. Qa4 O-O 11. Qxc4 e5 12. Ne4 Qe7 13. d5 Na7 14.
Rac1 Bd7 15. Qb3 Bb5 16. Qe3 Bb4 17. Nh4 Qd7 18. Nf6+ gxf6 19. Be4 Qg4 20.
Nf5 Qh5 21. g4 Qg5 22. Nxh6+ Kg7 23. Nf5+ Kg8 24. Qh3 Rfc8 25. e3 Bxf1 26.
Rxf1 Bd6 27. Qg3 Kf8 28. f4 exf4 29. exf4 Qg8 30. Qh4 Ke8 31. Qxf6 Qxg4+
32. Kh1 Qe2 33. Bd3 Be7 34. Ng7+ Kf8 35. Qh6 Bg5 36. fxg5 Qxd3 37. Nf5+ Ke8
38. Re1+ 1-0

[Event "National Open"]
[Site "Las Vegas USA"]
[Date "2010.06.13"]
[Round "5"]
[White "Naroditsky,D"]
[Black "Kacheishvili,G"]
[Result "1/2-1/2"]
[WhiteElo "2381"]
[BlackElo "2587"]
[EventDate "2010.06.11"]

1. e4 c5 2. Nf3 e6 3. d4 cxd4 4. Nxd4 a6 5. Bd3 Nf6 6. O-O d6 7. c4 b6 8.
Nc3 Bb7 9. b3 Nbd7 10. Re1 Rc8 11. Bb2 g6 12. Bc2 Bg7 13. Nf3 Qc7 14. Qd2
O-O 15. Rad1 Ne8 16. Na4 b5 17. Bxg7 Kxg7 18. Nb2 bxc4 19. Nxc4 d5 20. exd5
Bxd5 21. Be4 Bxc4 22. Qxd7 Qxd7 23. Rxd7 Nf6 24. Ra7 Nxe4 25. bxc4 Rxc4 26.
Rxa6 Kf6 27. Ra3 Rb8 28. Rae3 Rbb4 29. h3 g5 30. a3 Ra4 31. Rd3 h5 32. Rd7
h4 33. Rb1 Rc8 34. Rbb7 Rf8 35. Rb4 Rxb4 36. axb4 Ra8 37. Rd1 Ra2 38. Re1
Nxf2 39. Rf1 Nd3 40. Nxh4+ Nf4 41. g3 Rb2 42. b5 Kg7 43. Nf5+ exf5 44. gxf4
g4 45. Rf2 Rb1+ 46. Kg2 Kg6 47. Rc2 Rxb5 48. hxg4 fxg4 49. Kg3 f5 50. Rc6+
Kh5 51. Rf6 Ra5 52. Kg2 g3 53. Kxg3 Ra3+ 54. Kf2 Kg4 55. Rb6 Ra4 56. Rb3
Rxf4+ 57. Kg2 Ra4 58. Kf2 f4 59. Rc3 Ra2+ 60. Kf1 Rh2 61. Kg1 Rh3 62. Rxh3
Kxh3 63. Kf2 Kg4 64. Kg2 f3+ 65. Kf2 Kf4 66. Kf1 Ke3 67. Ke1 f2+ 68. Kf1
Kf3 1/2-1/2

[Event "National Open"]
[Site "Las Vegas USA"]
[Date "2010.06.13"]
[Round "5"]
[White "Kogan,Ar"]
[Black "Haskel,J"]
[Result "1-0"]
[WhiteElo "2525"]
[BlackElo "2241"]
[EventDate "2010.06.11"]

1. c4 c5 2. Nf3 Nc6 3. d4 cxd4 4. Nxd4 e6 5. Nb5 d6 6. e4 a6 7. N5c3 Be7 8.
Be2 Qc7 9. Be3 Nf6 10. Nd2 O-O 11. O-O b6 12. Rc1 Bb7 13. Nd5 exd5 14. cxd5
b5 15. Nb3 Qd7 16. dxc6 Bxc6 17. f3 Rac8 18. Qd4 Ba8 19. Na5 Qe6 20. Qb6
Rxc1 21. Rxc1 Bd8 22. Qxa6 Nxe4 23. Bxb5 Ng5 24. Nc4 Nxf3+ 25. gxf3 Qg6+
26. Kf2 Bh4+ 27. Ke2 Bxf3+ 28. Kd2 Qg2+ 29. Kc3 Bf6+ 30. Kb4 d5 31. Rg1
Be7+ 32. Kc3 Qe2 33. Bd4 g6 34. Ne3 Qxh2 35. Nf5 Bd8 36. Qd6 Be4 37. Qxh2
1-0

[Event "National Open"]
[Site "Las Vegas USA"]
[Date "2010.06.13"]
[Round "5"]
[White "Gutman,J"]
[Black "Bryant,J"]
[Result "1-0"]
[WhiteElo "2135"]
[BlackElo "2367"]
[EventDate "2010.06.11"]

1. Nf3 Nf6 2. c4 e6 3. Nc3 d5 4. d4 c6 5. Bg5 h6 6. Bh4 g5 7. Bg3 dxc4 8.
e4 b5 9. e5 Nd5 10. Nd2 Nd7 11. Qh5 Qa5 12. Nce4 c5 13. Be2 cxd4 14. O-O d3
15. Bg4 N7b6 16. f4 gxf4 17. Bxf4 Bd7 18. Qh4 Be7 19. Nd6+ Bxd6 20. exd6 f6
21. Bh5+ Kd8 22. Ne4 Na4 23. Nxf6 Kc8 24. Be5 Rd8 25. Nxd7 Kxd7 26. Rf7+
Kc6 27. Bf3 Rac8 28. Rc7+ Rxc7 29. Qxd8 Qb6+ 30. Kh1 Rd7 1-0

[Event "National Open"]
[Site "Las Vegas USA"]
[Date "2010.06.13"]
[Round "5"]
[White "Khachiyan,M"]
[Black "Hermansen,R"]
[Result "1/2-1/2"]
[WhiteElo "2539"]
[BlackElo "2219"]
[EventDate "2010.06.11"]

1. e4 g6 2. d4 Bg7 3. c3 d6 4. Nf3 a6 5. h3 b6 6. Bd3 Bb7 7. O-O e6 8. Qe2
Ne7 9. Nbd2 Nd7 10. e5 O-O 11. Re1 Qb8 12. Nc4 b5 13. Na5 Bxf3 14. Qxf3
dxe5 15. Be4 exd4 16. Bxa8 Qxa8 17. Qxa8 Rxa8 18. Bd2 c5 19. a4 Nd5 20.
cxd4 cxd4 21. axb5 axb5 22. Nb3 Ra4 23. Rec1 N7b6 24. Rxa4 bxa4 25. Nc5 Bf8
26. Nd3 f6 27. f4 Kf7 28. Kf2 Bd6 29. Rc6 Ke7 30. Ba5 Nd7 31. Bd8+ Kxd8 32.
Rxd6 Ke7 33. Ra6 N5b6 34. Kf3 Kd6 35. Ra5 e5 36. g4 exf4 37. Kxf4 Ne5 38.
Nxe5 fxe5+ 39. Ke4 Nc4 40. Rxa4 Nxb2 41. Ra6+ Kc5 42. Ra5+ Kc4 43. Rxe5 Nd3
44. Re7 Nf2+ 45. Ke5 d3 46. Rc7+ Kb3 47. Rxh7 d2 48. Rd7 Kc2 1/2-1/2

[Event "National Open"]
[Site "Las Vegas USA"]
[Date "2010.06.13"]
[Round "5"]
[White "Young,G"]
[Black "Matikozian,A"]
[Result "0-1"]
[WhiteElo "2268"]
[BlackElo "2494"]
[EventDate "2010.06.11"]

1. e4 c5 2. Nf3 d6 3. d4 cxd4 4. Nxd4 Nf6 5. Nc3 a6 6. Bc4 e6 7. Bb3 b5 8.
O-O Be7 9. Qf3 Qc7 10. Qg3 O-O 11. Bh6 Ne8 12. Rad1 Bd7 13. Nf3 Nc6 14. Bf4
Qb7 15. Bg5 Bxg5 16. Qxg5 Na5 17. Rfe1 Rc8 18. e5 dxe5 19. Nxe5 Bc6 20.
Nxc6 Rxc6 21. Ne4 Nxb3 22. cxb3 Rc2 23. Nc5 Qb6 24. Nd3 Nf6 25. Rc1 Rfc8
26. Rxc2 Rxc2 27. Rc1 h6 28. Qg3 Rd2 29. Qf3 Qd4 30. Rd1 Rxd1+ 31. Qxd1 e5
32. Qe2 e4 33. Nf4 g5 34. Nh3 Nd5 35. g3 Nb4 36. a4 Nd3 37. axb5 axb5 38.
Qe3 Qxb2 39. Kg2 Qe5 40. Ng1 b4 41. Ne2 Ne1+ 42. Kf1 Nf3 43. Kg2 h5 44. h3
Qd5 45. Nc1 Nd4 46. Kh2 h4 47. Na2 hxg3+ 48. fxg3 Nc2 49. Qc1 e3 0-1

[Event "National Open"]
[Site "Las Vegas USA"]
[Date "2010.06.13"]
[Round "5"]
[White "Gonzalez,Ren"]
[Black "Rubsamen,C"]
[Result "1/2-1/2"]
[WhiteElo "2485"]
[BlackElo "2227"]
[EventDate "2010.06.11"]

1. e4 e6 2. d3 d5 3. Qe2 Nc6 4. Nf3 e5 5. g3 dxe4 6. dxe4 Nf6 7. c3 a5 8.
a4 Bc5 9. h3 O-O 10. Nbd2 Qe7 11. Nc4 b6 12. Qc2 Ba6 13. Ne3 Bxf1 14. Kxf1
Rfd8 15. Kg2 Bxe3 16. Bxe3 Qe6 17. Bg5 h6 18. Bxf6 Qxf6 19. Qe2 Rd6 20.
Rhd1 Rad8 21. Rxd6 Qxd6 22. Qb5 Kf8 23. Re1 Qe6 24. Re2 f6 25. Nh4 Ne7 26.
b4 Qc6 27. bxa5 1/2-1/2